header

BRUNELLESCHI'S DOME (Record no. 252816)

MARC details
000 -LEADER
fixed length control field 00488nam a22001817a 4500
003 - CONTROL NUMBER IDENTIFIER
control field OSt
005 - DATE AND TIME OF LATEST TRANSACTION
control field 20160304143047.0
008 - FIXED-LENGTH DATA ELEMENTS--GENERAL INFORMATION
fixed length control field 160304b xxu||||| |||| 00| 0 eng d
010 ## - LIBRARY OF CONGRESS CONTROL NUMBER
LC control number 0043316
020 ## - INTERNATIONAL STANDARD BOOK NUMBER
International Standard Book Number 01420.00159
040 ## - CATALOGING SOURCE
Transcribing agency N/A
050 ## - LIBRARY OF CONGRESS CALL NUMBER
Classification number NA55621
Item number .F7K56 2000
100 ## - MAIN ENTRY--PERSONAL NAME
Personal name King ,Ross
245 ## - TITLE STATEMENT
Title BRUNELLESCHI'S DOME
Remainder of title How a Renaissance genius reinvented Architecture
Statement of responsibility, etc ROSS KING
260 ## - PUBLICATION, DISTRIBUTION, ETC. (IMPRINT)
Place of publication, distribution, etc NEW YORK
Name of publisher, distributor, etc Penguin Group
Date of publication, distribution, etc 2000
300 ## - PHYSICAL DESCRIPTION
Extent xi,194p
Other physical details ill
942 ## - ADDED ENTRY ELEMENTS (KOHA)
Source of classification or shelving scheme Library of Congress Classification
Koha item type Long Loan Books
Holdings
Withdrawn status Lost status Source of classification or shelving scheme Damaged status Not for loan Collection code Home library Current library Shelving location Date acquired Total Checkouts Full call number Barcode Date last seen Price effective from Koha item type
    Library of Congress Classification     Fiction Rongo University Library Rongo University Library General Stacks 04/03/2016   NA55621 .F7K56 2000 201610692 04/03/2016 04/03/2016 Long Loan Books

© 2026 Rongo University
Contact us: librarian | system librarian | Rongo university